000 00331 a2200109 4500
001 ART_9891
005 20260410161847.0
008 260409a
245 1 0 _aIgualdad y equilibrio del ahorro y de la inversión
100 1 _aPaulsen, Andreas
773 0 _tEconómica
_g- Año I, Nº 3/4 (ene./jun. 1955)
_wREV7541
999 _c24622
_d24622